| 000 | 01672cam a2200205 4500 | ||
|---|---|---|---|
| 001 | ##L132665 | ||
| 008 | 060227n2006 000 0 eng u | ||
| 020 | _a1862405166 | ||
| 035 | _a(Sirsi) u132665 | ||
| 041 | 0 | _aeng | |
| 050 | 0 | 4 | _a711.1 $2 18 |
| 110 | 1 |
_aUnited Kingdom _bAudit Commission _93863 |
|
| 245 | 0 | 4 |
_aThe planning system _bmatching expectations and capacity |
| 260 |
_aLondon _bAudit Commission _c2006 |
||
| 520 | _aThis report aims to help English and Welsh councils and others involved in the planning system address the issue of capacity in planning departments, to assess current expectations of the planning system, to evaluate the extent to which government expectations have been communicated to stakeholders and to identify how councils can increase capacity. Finds that government objectives for the planning system are clear and consistent and have been well communicated to stakeholders although not all stakeholders agree with the agenda. Government focus on speed especially in relation to major planning applications is seen as having a negative effect on service quality in some councils. Concludes that although the shortage of experienced planners is affecting councils' ability to provide planning services, the private sector can provide comprehensive services under the direction of the planning authority. | ||
| 590 | _aIKA280206 | ||
| 690 | _aENVIRONMENTAL AND LAND CONSULTANCY-PLANNING AND DEVELOPMENT-PLANNING REFORM | ||
| 856 | 4 | 0 |
_uhttps://www.audit-commission.gov.uk/SiteCollectionDocuments/AuditCommissionReports/NationalStudies/PlanningSummary.pdf _zView the item free of charge at www.audit-commission.gov.uk |
| 942 | _n0 | ||
| 999 |
_c105208 _d105208 |
||